| 000 | 00561nam a2200217Ia 4500 | ||
|---|---|---|---|
| 003 | BUBTL | ||
| 008 | 151213s9999 xx 000 0 und d | ||
| 020 | _a0-582-48808-7 | ||
| 082 | _a341/PUI | ||
| 100 |
_aH. Lanter Pucht _93972 |
||
| 245 |
_aInternational Law _cH. Lanter Pucht |
||
| 260 |
_aBritain _bLangmany |
||
| 300 |
_a[xv] , 1072p . : _b21 cm. |
||
| 500 | _aIncludes Index | ||
| 650 |
_aLaw _93973 |
||
| 650 |
_aLaw _93973 |
||
| 700 |
_aH. Lanter Pucht _93972 |
||
| 856 |
_k0 _l0 _yDownload |
||
| 942 |
_2ddc _cBK |
||
| 999 |
_c1545 _d1545 |
||